000 00579nam a2200193Ia 4500
008 151121s9999||||xx |||||||||||||| ||und||
082 _a813/प्रकाश
082 _bHNW-7306
100 _aप्रकाशक
245 _aजगाचा बाजार
260 _b"सुरस ग्रंथमाला, पंढरपूर।"
260 _c--
300 _a312
600 _aप्रकाशक
630 _aजगाचा बाजार
700 _aप्रकाशक
730 _aजगाचा बाजार
942 _cBOOK
999 _c1214169
_d1214166